Principios de Derecho Internacional
Guardat en:
| Autor principal: | |
|---|---|
| Format: | Llibre |
| Idioma: | anglès |
| Publicat: |
Valparaíso, Chile
Imprenta de la Patria
1864
|
| Edició: | Tercera edición, |
| Matèries: | |
| Accés en línia: | Acceso a texto completo |
| Etiquetes: |
Afegir etiqueta
Sense etiquetes, Sigues el primer a etiquetar aquest registre!
|
MARC
| LEADER | 00000nam a22000007a 4500 | ||
|---|---|---|---|
| 003 | CL-VaPUC | ||
| 005 | 20210728001658.0 | ||
| 008 | 200508b ||||| |||| 00| 0 eng d | ||
| 999 | |c 431646 |d 431644 | ||
| 040 | |c Pontificia Universidad Católica de Valparaíso | ||
| 082 | |2 21 |a 341 BEL 1864 | ||
| 100 | 1 | |a Bello, Andrés |9 856357 | |
| 245 | 1 | |a Principios de Derecho Internacional | |
| 250 | |a Tercera edición, |b Correjida y considerablemente aumentada | ||
| 260 | |a Valparaíso, Chile |b Imprenta de la Patria |c 1864 | ||
| 300 | |a 363 páginas | ||
| 583 | |c 20200508 |k Daniel Castañeda | ||
| 650 | 1 | 0 | |a Derecho internacional |9 255637 |
| 856 | |u http://opac.pucv.cl/pucv_txt/Txt-0000/UCB0296_01.pdf |z Acceso a texto completo | ||
| 942 | |2 ddc |c BK | ||
| 952 | |0 0 |1 0 |2 ddc |4 0 |5 1 |6 341_000000000000000_BEL_1864 |7 1 |8 C_LRYV |9 576651 |a FDOBRV |b BIBDER |d 2020-09-15 |i 431646 |o 341 BEL 1864 |p 431646 |r 2020-09-15 |w 2020-09-15 |y BK_X |k BRV | ||